000 00615nam a22002297a 4500
003 UA-OsUOA
001 65803
007 ta
008 20091209b un ||||| |||| 00| 0 ukr d
090 _a82.09(73)
_bА61
942 _cBK
040 _aUA-OsUOA
_bukr
_cUA-OsUOA
_dUA-OsUOA
245 _aАмериканська література на рубежі ХХ - ХХІ ст.
300 _a390 с.
955 _a2
041 _aukr
080 _a82.09(73)
020 _a966-594-539-4
260 _aК.
_c2004
650 7 _a82 Література. Літературознавство
_2UDC
999 _c352126
_d352126